000 00432nam a2200157 i 4500
001 90176
003 ES-MaACL
007 t|
008 050119s1955 sp ||||1| spa d
100 1 _aLeal Insua, Francisco.
_970976
245 1 0 _aHoras /
_cFrancisco Leal Insua.
250 _a[2ยช ed. corr.].
260 _a[S.l. :
_bs.n.,
_c1955] (
_eVigo :
_fFaro de Vigo)
300 _a102 p. ;
_c21 cm.
852 _aES-MaACL
_jC-9541
_bR.37837
999 _c90176
_d90176